| 000 | 00816nam a22002177a 4500 | ||
|---|---|---|---|
| 999 |
_c9469 _d9469 |
||
| 003 | AR-CdUCM | ||
| 008 | 190328b ||||| |||| 00| 0 spa d | ||
| 040 |
_aMUNICIPALIDAD PROVINCIAL DEL CUSCO _cBIBLIOTECA MUNICIPAL DEL CUSCO |
||
| 082 |
_22ed. _a985.7 / _bK56 / 1946 |
||
| 100 |
_aKingston, W. H. G. _925680 |
||
| 245 | _aA lo largo del Amazonas / | ||
| 260 |
_aBuenos Aires : _bEspaca-Calpe, _c1946 |
||
| 300 |
_a263 páginas ; _c18 cm. |
||
| 440 |
_aColección Austral. _n375 _925681 |
||
| 505 | _aContenido: Mi infancia y los míos -- Hacia América -- A través de los Andes -- Aventura en las montañas -- Llegada al río -- Río abajo ... | ||
| 650 |
_aAmazonas, Río _925682 |
||
| 650 |
_aAmazonía peruana (Perú) _925683 |
||
| 650 |
_aDescripciones y viajes _9497 |
||
| 942 |
_2ddc _cLIBROS |
||
| 945 | _aachl | ||